000 01019nam a2200217Ia 4500
999 _c33091
_d33091
003 GCL
005 20240530102551.0
008 140319s9999 xx 000 0 ara d
040 _aGCL /
_cGCL
082 0 4 _a210.3/
_bم ت
100 1 _aالمناوى، زين الدين محمد عبد الرؤوف بن تاج العارفين على الخداوى القاهرى الشافعى
245 1 0 _aالتوقيف على مهمات التعاريف /
_cزين الدين محمد عبد الرؤوف بن تاج العارفين على الخداوى القاهرى الشافعى المناوى ؛ تحقيق عبدالحميد صالح حمدان
260 _aالقاهرة :
_bعالم الكتب الحديث ،
_c1990.
300 _a392 ص ؛
_c24 سم.
650 0 4 _aالاسلام
650 0 7 _aالالفاظ
_2qrmak
650 0 7 _aالشريعة الاسلامية
_2qrmak
650 0 7 _aالفقه الاسلامى
_2qrmak
700 0 _aعبدالحميد صالح حمدان
_eمحقق
942 _2ddc
_cBK